000 00370nam a2200157Ia 4500
008 210210b1937 xxu||||| |||| 00| 0 eng d
041 _aeng
082 _a515/97
100 _aPATTERSON (B C)
245 _aProjective geometry
260 _aLondon
_bJohn Wiley and Sons
_c1937
650 _aProjective
650 _ageometry
690 _aGeometry
906 _a007661
999 _c140200
_d140200